Welcome to CU Library Online Public Access Catalogue (OPAC)

Pro/Engineer 2001 assistant / (Record no. 8032)

MARC details
000 -LEADER
fixed length control field 00835cam a22002534a 4500
001 - CONTROL NUMBER
control field 12428814
005 - DATE AND TIME OF LATEST TRANSACTION
control field 20251104165841.0
008 - FIXED-LENGTH DATA ELEMENTS--GENERAL INFORMATION
fixed length control field 010601s2001 mau 001 0 eng
020 ## - INTERNATIONAL STANDARD BOOK NUMBER
International Standard Book Number 0072499397
020 ## - INTERNATIONAL STANDARD BOOK NUMBER
International Standard Book Number 9780072499391
050 00 - LIBRARY OF CONGRESS CALL NUMBER
Classification number TA174
Item number .K444 2001
082 00 - DEWEY DECIMAL CLASSIFICATION NUMBER
Classification number 620/.0042
Edition information 21
100 1# - MAIN ENTRY--PERSONAL NAME
Personal name Kelley, David S.
245 10 - TITLE STATEMENT
Title Pro/Engineer 2001 assistant /
Statement of responsibility, etc. David S. Kelley.
250 ## - EDITION STATEMENT
Edition statement 1st ed.
260 ## - PUBLICATION, DISTRIBUTION, ETC.
Place of publication, distribution, etc. Boston :
Name of publisher, distributor, etc. McGraw-Hill,
Date of publication, distribution, etc. c2001.
300 ## - PHYSICAL DESCRIPTION
Extent xi, 241 p. :
Other physical details ill. ;
Dimensions 28 cm.
440 #4 - SERIES STATEMENT/ADDED ENTRY--TITLE
Title The McGraw-Hill graphics series
650 #0 - SUBJECT ADDED ENTRY--TOPICAL TERM
Topical term or geographic name entry element Computer-aided design.
650 #0 - SUBJECT ADDED ENTRY--TOPICAL TERM
Topical term or geographic name entry element Mechanical drawing.
856 42 - ELECTRONIC LOCATION AND ACCESS
Materials specified Publisher description
Uniform Resource Identifier <a href="http://www.loc.gov/catdir/description/mh021/2001034102.html">http://www.loc.gov/catdir/description/mh021/2001034102.html</a>
856 41 - ELECTRONIC LOCATION AND ACCESS
Materials specified Table of contents
Uniform Resource Identifier <a href="http://www.loc.gov/catdir/toc/mh021/2001034102.html">http://www.loc.gov/catdir/toc/mh021/2001034102.html</a>
942 ## - ADDED ENTRY ELEMENTS (KOHA)
Source of classification or shelving scheme Library of Congress Classification
Koha item type Books
Edition 1st ed.
Suppress in OPAC No
999 ## -
-- 8032
-- 8032
Holdings
Withdrawn status Lost status Source of classification or shelving scheme Damaged status Not for loan Collection Home library Current library Shelving location Date acquired Total checkouts Full call number Barcode Date last seen Copy number Price effective from Koha item type
    Library of Congress Classification     Non-fiction Science Library (Miotso) Science Library (Miotso) General stacks 11/04/2025   TA174 .K444 KEL SLM00005264 11/04/2025 1 11/04/2025 Books
    Library of Congress Classification     Non-fiction Science Library (Miotso) Science Library (Miotso) General stacks 11/04/2025   TA174 .K444 KEL SLM00005265 11/04/2025 2 11/04/2025 Books
    Library of Congress Classification     Non-fiction Science Library (Miotso) Science Library (Miotso) General stacks 11/04/2025   TA174 .K444 KEL SLM00005266 11/04/2025 3 11/04/2025 Books
    Library of Congress Classification     Non-fiction Science Library (Miotso) Science Library (Miotso) General stacks 11/04/2025   TA174 .K444 KEL SLM00005267 11/04/2025 4 11/04/2025 Books
    Library of Congress Classification     Non-fiction Science Library (Miotso) Science Library (Miotso) General stacks 11/04/2025   TA174 .K444 KEL SLM00005268 11/04/2025 5 11/04/2025 Books
© 2023-2024 Copyright: Central University Libraries. All Rights Reserved | Created by: Mahone Tech Office